[Event "SV Unterkochen-SC Forchheim"]
[Site "?"]
[Date "2009.12.27"]
[Round "2.1"]
[White "Wagner, Robert"]
[Black "Krieg, Hannes"]
[Result "1-0"]
[WhiteElo "1603"]
[BlackElo "1457"]
[PlyCount "87"]
[EventDate "2009.??.??"]
[WhiteTeam "SC Forchheim"]
[BlackTeam "SV Unterkochen"]

1. d4 Nf6 2. Nf3 e6 3. c4 b6 4. Nc3 Bb4 5. Bg5 h6 6. Bh4 Bb7 7. a3 Bxc3+ 8.
bxc3 O-O 9. e3 d6 10. Bd3 Nbd7 11. O-O Qe7 12. Nd2 c5 13. Qc2 d5 14. f3 Rac8
15. Qa4 Bc6 16. Qb3 Rfd8 17. Rac1 Nf8 18. Rfe1 e5 19. Bf5 Rc7 20. dxe5 Qxe5 21.
Bg3 Qxf5 22. Bxc7 Rd7 23. Bg3 Ne6 24. Qc2 Qg5 25. Rcd1 Nh5 26. Nf1 g6 27. cxd5
Rxd5 28. c4 Rxd1 29. Qxd1 Neg7 30. Qd6 Ba4 31. Qb8+ Kh7 32. Qxa7 Bb3 33. Qxf7
b5 34. Qd5 Qe7 35. Qd6 Qa7 36. cxb5 Qxa3 37. b6 Qb4 38. Rb1 Nf5 39. Qd7+ Nhg7
40. b7 c4 41. b8=Q Qc3 42. Qf7 Ne7 43. Qe5 Nef5 44. Qxc3 1-0

[Event "SV Unterkochen-SC Forchheim"]
[Site "?"]
[Date "2009.12.27"]
[Round "2.2"]
[White "Deguenther, Julius"]
[Black "Wernsdörfer, Fabio"]
[Result "0-1"]
[WhiteElo "1247"]
[BlackElo "1293"]
[PlyCount "23"]
[EventDate "2009.??.??"]
[WhiteTeam "SV Unterkochen"]
[BlackTeam "SC Forchheim"]

1. e4 e5 2. Nf3 Nc6 3. Bc4 Nf6 4. Ng5 d5 5. exd5 Nxd5 6. Nxf7 Kxf7 7. Qf3+ Ke8
8. Bxd5 Qf6 9. Qxf6 gxf6 10. Nc3 Nb4 11. Bb3 Bf5 12. d3 {An dieser Stelle
machte Schwarz lange Rochade, obwohl er schon den König gezogen hatte. Aus
diesem Grund kann die Partie nicht weiter eingegeben werden. Schwarz gewann
nach 50 Zügen.} 0-1

[Event "SV Unterkochen-SC Forchheim"]
[Site "?"]
[Date "2009.12.27"]
[Round "2.3"]
[White "Braun, Kristin"]
[Black "Basaran, Mehmet"]
[Result "1/2-1/2"]
[WhiteElo "1335"]
[BlackElo "1106"]
[PlyCount "112"]
[EventDate "2009.??.??"]
[WhiteTeam "SC Forchheim"]
[BlackTeam "SV Unterkochen"]

1. e4 e5 2. Nf3 Nc6 3. Nc3 Nf6 4. Bb5 d6 5. d4 exd4 6. Nxd4 Bd7 7. Bg5 h6 8.
Bh4 g5 9. Bg3 Bg7 10. Bxc6 Bxc6 11. Nxc6 bxc6 12. e5 dxe5 13. Qxd8+ Kxd8 14.
Bxe5 Re8 15. O-O-O+ Kc8 16. Rhe1 Kb7 17. Na4 Rad8 18. Rxd8 Rxd8 19. Nc5+ Kb6
20. Na4+ Kb7 21. Re3 Kc8 22. Ra3 Rd5 23. Bc3 Rf5 24. Bd4 Bf8 25. Rb3 Rf4 26. c3
Nd7 27. g3 Re4 28. Kd2 a5 29. f3 Re6 30. c4 c5 31. Bc3 Nb6 32. Nxb6+ cxb6 33.
Rb5 f5 34. a3 h5 35. b4 a4 36. bxc5 Bxc5 37. Bb4 Rc6 38. h3 g4 39. fxg4 fxg4
40. hxg4 hxg4 41. Bxc5 bxc5 42. Ra5 Rb6 43. Rxc5+ Kb7 44. Rg5 Rb3 45. Rxg4 Rxa3
46. Kc2 Rf3 47. Kb2 a3+ 48. Ka2 Kc6 49. Rg5 Rc3 50. c5 Rxc5 51. Rg6+ Kd5 52. g4
Rc3 53. g5 Rg3 54. Rg8 Ke6 55. g6 Kf6 56. Ra8 Rxg6 1/2-1/2

[Event "SV Unterkochen-SC Forchheim"]
[Site "?"]
[Date "2009.12.27"]
[Round "2.4"]
[White "Haidl, Richard"]
[Black "Herter, Leonhard"]
[Result "1-0"]
[WhiteElo "995"]
[BlackElo "827"]
[PlyCount "83"]
[EventDate "2009.??.??"]
[WhiteTeam "SV Unterkochen"]
[BlackTeam "SC Forchheim"]

1. e4 e5 2. Nf3 Nc6 3. Bc4 Nf6 4. Ng5 Qe7 5. Nxf7 Rg8 6. Nc3 Ng4 7. Qxg4 d6 8.
Qh5 h6 9. Nxd6+ Kd8 10. Nxb7+ Bxb7 11. Bxg8 Nd4 12. Bb3 Ba6 13. d3 Rb8 14. O-O
Rb6 15. Nd5 Ne2+ 16. Qxe2 Qc5 17. Nxb6 cxb6 18. Be3 Qc8 19. Qh5 Bb5 20. Qxe5
Bd7 21. Rac1 g5 22. Qf6+ Be7 23. Qh8+ Be8 24. Bf7 Qd7 25. Qxe8+ Qxe8 26. Bxe8
Kxe8 27. d4 Kd7 28. c4 h5 29. Rfd1 Kc6 30. d5+ Kd7 31. c5 bxc5 32. Bxc5 Bxc5
33. Rxc5 a5 34. Rxa5 g4 35. Rc1 h4 36. Ra6 g3 37. h3 gxf2+ 38. Kxf2 Ke7 39.
Rcc6 Kd7 40. Rh6 Kc7 41. Rh7+ Kb8 42. Rg6 1-0

[Event "SC Forchheim-SV Empor Erfurt"]
[Site "DVM U14 in Arendsee"]
[Date "2009.12.27"]
[Round "1.1"]
[White "Urban, Lars"]
[Black "Mons, Leon"]
[Result "0-1"]
[WhiteElo "1808"]
[BlackElo "2119"]
[PlyCount "102"]
[EventDate "2009.??.??"]
[WhiteTeam "SV Empor Erfurt"]
[BlackTeam "SC Forchheim"]

1. d4 Nf6 2. c4 g6 3. Nc3 Bg7 4. e4 d6 5. f3 O-O 6. Be3 Nbd7 7. Qd2 a6 8. Nge2
c5 9. d5 b5 10. cxb5 Ne5 11. Nc1 axb5 12. Bxb5 Ba6 13. Bxa6 Rxa6 14. Qe2 Qa8
15. O-O Rb8 16. Rb1 Ne8 17. Bd2 Nc7 18. f4 Nd7 19. Kh1 Rab6 20. b3 Qa6 21. Na4
Qxe2 22. Nxe2 Ra6 23. Bc3 Rf8 24. Bxg7 Kxg7 25. f5 Ne5 26. fxg6 hxg6 27. Nec3
Rh8 28. Nb2 Rb8 29. Nc4 Nxc4 30. bxc4 Rb4 31. Nb5 Rxb1 32. Rxb1 Na8 33. Rb2 Nb6
34. Nc7 Nxc4 35. Nxa6 Nxb2 36. Kg1 Nd3 37. Nb8 c4 38. Nc6 c3 39. Nd4 Nc5 40.
Kf2 Nxe4+ 41. Ke3 Nf6 42. a4 Nxd5+ 43. Kd3 f5 44. a5 Kf6 45. Nb5 Ke5 46. Nxc3
Nxc3 47. Kxc3 Kd5 48. Kd3 e5 49. h3 Kc5 50. g4 fxg4 51. hxg4 d5 0-1

[Event "SC Forchheim-SV Empor Erfurt"]
[Site "DVM U14 in Arendsee"]
[Date "2009.12.27"]
[Round "1.2"]
[White "Stephan, Michael"]
[Black "Lorenz, Erik"]
[Result "1-0"]
[WhiteElo "1742"]
[BlackElo "1576"]
[PlyCount "47"]
[EventDate "2009.??.??"]
[WhiteTeam "SC Forchheim"]
[BlackTeam "SV Empor Erfurt"]

1. e4 c5 2. c3 Nf6 3. e5 Nd5 4. Bc4 Nb6 5. Bb3 e6 6. Nf3 d6 7. O-O dxe5 8. Nxe5
Bd6 9. Qe2 O-O 10. d4 cxd4 11. cxd4 N8d7 12. Rd1 Qc7 13. f4 Nxe5 14. fxe5 Be7
15. Qg4 Rd8 16. Bh6 Bf8 17. Bg5 Be7 18. Bh6 Bf8 19. Nc3 Bd7 20. Rd3 Bc6 21.
Bxg7 Bxg7 22. Rg3 Kf8 23. Qxg7+ Ke7 24. Qf6+ 1-0

[Event "SC Forchheim-SV Empor Erfurt"]
[Site "DVM U14 in Arendsee"]
[Date "2009.12.27"]
[Round "1.3"]
[White "Schneider, Jan"]
[Black "Nöttling, Dominik"]
[Result "0-1"]
[WhiteElo "1524"]
[BlackElo "1688"]
[PlyCount "64"]
[EventDate "2009.??.??"]
[WhiteTeam "SV Empor Erfurt"]
[BlackTeam "SC Forchheim"]

1. d4 Nf6 2. c4 e6 3. Nc3 Bb4 4. Nf3 O-O 5. Bg5 d5 6. cxd5 exd5 7. e3 h6 8. Bh4
c6 9. Bd3 Nbd7 10. O-O Re8 11. Qc2 Qc7 12. a3 Bd6 13. b4 Ng4 14. Bg3 Bxg3 15.
hxg3 Ndf6 16. Rfe1 a5 17. b5 Bd7 18. bxc6 bxc6 19. Bf5 Bxf5 20. Qxf5 Qd6 21. a4
Rab8 22. Qf4 Qe6 23. Qc7 Ra8 24. Ne2 Rec8 25. Qb6 Rcb8 26. Qc5 Ne4 27. Qc2 g5
28. Nc3 f5 29. Nxe4 fxe4 30. Nd2 Kg7 31. Nb3 Qg6 32. Qc3 Qh5 0-1

[Event "SC Forchheim-SV Empor Erfurt"]
[Site "DVM U14 in Arendsee"]
[Date "2009.12.27"]
[Round "1.4"]
[White "Förstel, Markus"]
[Black "Scheuch, Benjamin"]
[Result "0-1"]
[WhiteElo "1382"]
[BlackElo "1376"]
[PlyCount "40"]
[EventDate "2009.??.??"]
[WhiteTeam "SC Forchheim"]
[BlackTeam "SV Empor Erfurt"]

1. e4 e5 2. Nf3 Nc6 3. Bc4 Nf6 4. Nc3 Bc5 5. d3 d6 6. Bg5 h6 7. Be3 Bb6 8. Qe2
Be6 9. Bb3 Qd7 10. h3 O-O-O 11. Bxb6 axb6 12. Bxe6 Qxe6 13. O-O g5 14. Nh2 h5
15. g4 hxg4 16. hxg4 Nd4 17. Qd1 Nxc2 18. Qxc2 Rxh2 19. Ne2 Qxg4+ 20. Ng3 Qh3
0-1

[Event "SF Paderborn 2000-SC Forchheim"]
[Site "DVM U14 in Arendsee"]
[Date "2009.12.27"]
[Round "2.1"]
[White "Mons, Leon"]
[Black "Hötte, Philipp"]
[Result "1/2-1/2"]
[WhiteElo "2119"]
[BlackElo "1836"]
[PlyCount "39"]
[EventDate "2009.??.??"]
[WhiteTeam "SC Forchheim"]
[BlackTeam "SF Paderborn 2000"]

1. Nf3 c5 2. e4 d6 3. Bb5+ Bd7 4. Bxd7+ Qxd7 5. c4 Nc6 6. d4 cxd4 7. Nxd4 Nf6
8. Nc3 g6 9. h3 Bg7 10. Be3 Rc8 11. b3 O-O 12. O-O a6 13. a4 Rfd8 14. Rc1 e6
15. Qf3 Ne5 16. Qe2 Qc7 17. Rfd1 Ned7 18. f3 Nc5 19. b4 Ncd7 20. Nb1 1/2-1/2

[Event "SF Paderborn 2000-SC Forchheim"]
[Site "DVM U14 in Arendsee"]
[Date "2009.12.27"]
[Round "2.2"]
[White "Kuckling, Hannah"]
[Black "Stephan, Michael"]
[Result "0-1"]
[WhiteElo "1647"]
[BlackElo "1742"]
[PlyCount "46"]
[EventDate "2009.??.??"]
[WhiteTeam "SF Paderborn 2000"]
[BlackTeam "SC Forchheim"]

1. e4 e5 2. Nf3 Nc6 3. Bb5 a6 4. Bxc6 dxc6 5. Nc3 Bc5 6. O-O f6 7. Nh4 Be6 8.
Nf5 Qd7 9. Qg4 O-O-O 10. Na4 Ba7 11. Qf3 g6 12. Ne3 h5 13. b4 Qe7 14. a3 Nh6
15. c4 Bg4 16. Nxg4 hxg4 17. Qb3 Qh7 18. Rb1 Nf5 19. h3 Nd4 20. Qb2 gxh3 21. g3
Qh5 22. Kh2 Qf3 23. Rg1 Ne2 0-1

[Event "SF Paderborn 2000-SC Forchheim"]
[Site "DVM U14 in Arendsee"]
[Date "2009.12.27"]
[Round "2.3"]
[White "Nöttling, Dominik"]
[Black "Masalsky, Nicolai"]
[Result "1-0"]
[WhiteElo "1688"]
[BlackElo "1622"]
[PlyCount "67"]
[EventDate "2009.??.??"]
[WhiteTeam "SC Forchheim"]
[BlackTeam "SF Paderborn 2000"]

1. e4 c5 2. Nf3 Nc6 3. d4 cxd4 4. Nxd4 g6 5. Nc3 Bg7 6. Be3 Nf6 7. Be2 O-O 8.
Qd2 d5 9. Nxc6 bxc6 10. Rd1 e6 11. h4 Bb7 12. Bh6 dxe4 13. Qc1 Qb6 14. Bxg7
Kxg7 15. h5 e3 16. Qxe3 Qxe3 17. fxe3 Rad8 18. hxg6 fxg6 19. O-O Nd5 20. Rxf8
Rxf8 21. Nxd5 exd5 22. Bf3 Kf6 23. e4 Ke5 24. exd5 cxd5 25. Re1+ Kf6 26. c4 Rd8
27. b4 Ba8 28. c5 Rc8 29. a4 a5 30. Bg4 Rc6 31. Re8 Bb7 32. Rb8 h5 33. Rxb7
hxg4 34. Rb6 1-0

[Event "SF Paderborn 2000-SC Forchheim"]
[Site "DVM U14 in Arendsee"]
[Date "2009.12.27"]
[Round "2.4"]
[White "Kuckling, Jonas"]
[Black "Förstel, Markus"]
[Result "1-0"]
[WhiteElo "1497"]
[BlackElo "1382"]
[PlyCount "113"]
[EventDate "2009.??.??"]
[WhiteTeam "SF Paderborn 2000"]
[BlackTeam "SC Forchheim"]

1. d4 d5 2. c4 e6 3. Nc3 Nf6 4. Nf3 Bb4 5. Bg5 O-O 6. e3 b6 7. cxd5 Bxc3+ 8.
bxc3 exd5 9. Bd3 Nbd7 10. O-O Re8 11. Rc1 Bb7 12. Bb1 Ba6 13. Re1 Qc8 14. Qc2
Ne4 15. Bf4 Ndf6 16. Ng5 h6 17. Nxe4 dxe4 18. Qd2 Nd5 19. Be5 f6 20. Bxe4 Bb7
21. Bxd5+ Bxd5 22. Bg3 Qe6 23. e4 Bb7 24. d5 Qd7 25. c4 c6 26. Qf4 cxd5 27.
cxd5 Rac8 28. h3 Rxc1 29. Rxc1 Rc8 30. Rc7 Rxc7 31. Qxc7 Qxc7 32. Bxc7 Kf7 33.
f3 Ke7 34. d6+ Kd7 35. Kf2 Kc6 36. g3 Bc8 37. h4 Be6 38. a3 Kb5 39. Ke3 Ka4 40.
d7 Bxd7 41. Bd6 Kb5 42. Kd4 Kc6 43. Bf8 g6 44. Bxh6 f5 45. exf5 Bxf5 46. Ke5 a5
47. Bf8 Kd7 48. Kf6 Kc6 49. h5 Bd3 50. hxg6 Kb5 51. g7 Bc4 52. f4 Ka4 53. Bd6
b5 54. Ke7 b4 55. axb4 axb4 56. Bxb4 Kxb4 57. f5 1-0

[Event "SC Forchheim-SF Köln-Mülheim"]
[Site "DVM U14 in Arendsee"]
[Date "2009.12.28"]
[Round "3.1"]
[White "Pauly, Carlo"]
[Black "Mons, Leon"]
[Result "1/2-1/2"]
[WhiteElo "1993"]
[BlackElo "2119"]
[PlyCount "78"]
[EventDate "2009.??.??"]
[WhiteTeam "SF Köln-Mülheim"]
[BlackTeam "SC Forchheim"]

1. c4 Nf6 2. g3 g6 3. Bg2 Bg7 4. Nc3 O-O 5. d3 c5 6. e3 Nc6 7. Nge2 e6 8. O-O
d5 9. cxd5 Nxd5 10. Nxd5 exd5 11. Qb3 Be6 12. Qxb7 Nb4 13. Qb5 Rb8 14. Qxc5
Nxd3 15. Qxa7 Nxc1 16. Raxc1 Rxb2 17. Nd4 Bxd4 18. Qxd4 Rxa2 19. Rfd1 Ra8 20.
h4 h5 21. Bxd5 Qxd5 22. Qxd5 Bxd5 23. Rxd5 Rfd8 24. Rxd8+ Rxd8 25. Rc7 Rd2 26.
Kg2 Kg7 27. Kf3 Ra2 28. e4 Kf6 29. Ke3 Ke6 30. Rb7 Kf6 31. f3 Ra3+ 32. Kf4 Kg7
33. g4 hxg4 34. Kxg4 Ra1 35. e5 Re1 36. Kf4 Rh1 37. e6 Kf6 38. Rxf7+ Kxe6 39.
Rh7 Kf6 1/2-1/2

[Event "SC Forchheim-SF Köln-Mülheim"]
[Site "DVM U14 in Arendsee"]
[Date "2009.12.28"]
[Round "3.2"]
[White "Stephan, Michael"]
[Black "Eigemann, Frederik"]
[Result "1-0"]
[WhiteElo "1742"]
[BlackElo "1900"]
[PlyCount "43"]
[EventDate "2009.??.??"]
[WhiteTeam "SC Forchheim"]
[BlackTeam "SF Köln-Mülheim"]

1. e4 e6 2. d4 d5 3. exd5 exd5 4. Bd3 Bd6 5. Nf3 Ne7 6. O-O Nbc6 7. c3 Bg4 8.
a4 Qd7 9. a5 O-O-O 10. b4 f6 11. Nbd2 g5 12. Nb3 Ng6 13. Nc5 Qf7 14. Nxg5 fxg5
15. Qxg4+ Kb8 16. b5 Nce7 17. b6 Rdg8 18. bxc7+ Ka8 19. Qd7 Bxc5 20. a6 bxa6
21. Bxa6 Ne5 22. Bb7+ 1-0

[Event "SC Forchheim-SF Köln-Mülheim"]
[Site "DVM U14 in Arendsee"]
[Date "2009.12.28"]
[Round "3.3"]
[White "Eigemann, Julian"]
[Black "Nöttling, Dominik"]
[Result "1/2-1/2"]
[WhiteElo "1851"]
[BlackElo "1688"]
[PlyCount "97"]
[EventDate "2009.??.??"]
[WhiteTeam "SF Köln-Mülheim"]
[BlackTeam "SC Forchheim"]

1. e4 c5 2. Nf3 Nc6 3. d3 g6 4. g3 Bg7 5. Bg2 d6 6. O-O Nf6 7. Nbd2 O-O 8. Re1
Qc7 9. Nf1 Bd7 10. c3 Rac8 11. Ne3 Rfd8 12. Nh4 e6 13. f4 Ne7 14. g4 d5 15. e5
Ne8 16. d4 cxd4 17. cxd4 Qb6 18. b3 Nc7 19. Ba3 Nc6 20. Bc5 Qa5 21. a3 b6 22.
b4 Qa6 23. Bd6 Qb7 24. Bf1 a6 25. Bxc7 Rxc7 26. f5 g5 27. Nf3 f6 28. fxe6 Bxe6
29. exf6 Bxf6 30. Bd3 Nxd4 31. Nxd4 Bxd4 32. Bxh7+ Rxh7 33. Qxd4 Qc7 34. Ra2 b5
35. Rc2 Qf4 36. Qxf4 gxf4 37. Nf5 Bxf5 38. gxf5 Rf7 39. Re5 Kg7 40. Rd2 d4 41.
Re4 Kf6 42. Rexd4 Rxd4 43. Rxd4 Kxf5 44. Kf2 Rc7 45. Rd6 Rc2+ 46. Kg1 Rc1+ 47.
Kf2 Rc2+ 48. Kg1 Rc1+ 49. Kf2 1/2-1/2

[Event "SG Eintracht Neubrandenburg-SC Forchheim"]
[Site "DVM U14 in Arendsee"]
[Date "2009.12.28"]
[Round "4.1"]
[White "Mons, Leon"]
[Black "Stövesand, Eric"]
[Result "1-0"]
[WhiteElo "2119"]
[BlackElo "1889"]
[PlyCount "51"]
[EventDate "2009.??.??"]
[WhiteTeam "SC Forchheim"]
[BlackTeam "SG Eintracht Neubrandenburg"]

1. e4 e5 2. Bc4 Nc6 3. Nf3 Bc5 4. c3 Nf6 5. d3 d6 6. O-O Bg4 7. Nbd2 Qd7 8. Bb3
O-O 9. Re1 Ne7 10. Nf1 h6 11. h3 Bxf3 12. Qxf3 Nh7 13. Rd1 Ng6 14. d4 exd4 15.
cxd4 Bb6 16. Ng3 Rae8 17. Be3 c6 18. Bc2 Ne7 19. Re1 d5 20. e5 f5 21. Rad1 Rf7
22. Bxh6 Nf8 23. Bg5 g6 24. Bf6 Ne6 25. h4 Nxd4 26. Rxd4 1-0

[Event "SG Eintracht Neubrandenburg-SC Forchheim"]
[Site "DVM U14 in Arendsee"]
[Date "2009.12.28"]
[Round "4.2"]
[White "Baier, Christoph"]
[Black "Stephan, Michael"]
[Result "1/2-1/2"]
[WhiteElo "1846"]
[BlackElo "1742"]
[PlyCount "94"]
[EventDate "2009.??.??"]
[WhiteTeam "SG Eintracht Neubrandenburg"]
[BlackTeam "SC Forchheim"]

1. d4 Nf6 2. c4 c5 3. d5 g6 4. Nc3 d6 5. e4 Bg7 6. Nf3 O-O 7. Bd3 Bg4 8. h3
Bxf3 9. Qxf3 Nbd7 10. O-O Ne5 11. Qe2 Nxd3 12. Qxd3 a6 13. Bg5 Ne8 14. Ne2 Qd7
15. Rab1 b5 16. b3 Nc7 17. Bh4 Ra7 18. f4 b4 19. Bg3 a5 20. e5 a4 21. exd6 exd6
22. f5 Ne8 23. fxg6 hxg6 24. Rf3 axb3 25. axb3 Ra2 26. Rbf1 Rb2 27. Bh2 Qa7 28.
Nc1 Qa1 29. Bf4 Rb1 30. Ne2 Rxf1+ 31. Rxf1 Qa6 32. Ng3 Nf6 33. Ne4 Nxe4 34.
Qxe4 Ra8 35. Qf3 Qb6 36. Bg5 Qc7 37. Bf6 Re8 38. Bxg7 Kxg7 39. Qf6+ Kg8 40. Rf4
Qe7 41. Qxe7 Rxe7 42. Kf2 Kg7 43. Rf3 Re5 44. Re3 f6 45. h4 g5 46. Rxe5 fxe5
47. h5 Kh6 1/2-1/2

[Event "SG Eintracht Neubrandenburg-SC Forchheim"]
[Site "DVM U14 in Arendsee"]
[Date "2009.12.28"]
[Round "4.3"]
[White "Nöttling, Dominik"]
[Black "Valet, Alexander"]
[Result "0-1"]
[WhiteElo "1688"]
[BlackElo "1781"]
[PlyCount "106"]
[EventDate "2009.??.??"]
[WhiteTeam "SC Forchheim"]
[BlackTeam "SG Eintracht Neubrandenburg"]

1. e4 d5 2. exd5 Qxd5 3. Nc3 Qa5 4. d4 c6 5. Bd2 Bf5 6. Nf3 Qc7 7. Bc4 Nf6 8.
O-O e6 9. Rc1 Bd6 10. Qe2 O-O 11. Bd3 Bxd3 12. Qxd3 Nbd7 13. Ne4 Nxe4 14. Qxe4
Nf6 15. Qd3 Rfd8 16. Bg5 Be7 17. Rfe1 Nd5 18. Bxe7 Qxe7 19. c3 Nf6 20. Qe2 Rd5
21. Ne5 Rad8 22. Ng4 Nxg4 23. Qxg4 c5 24. dxc5 Qxc5 25. Rcd1 Rd2 26. Qf3 Qb6
27. Rxd2 Rxd2 28. Rd1 Qxb2 29. Qe2 Rxd1+ 30. Qxd1 h6 31. Qd8+ Kh7 32. Qd3+ g6
33. g3 Qa1+ 34. Kg2 Qxa2 35. c4 Qb2 36. h4 Kg7 37. Qe3 a5 38. Qa7 b6 39. c5
bxc5 40. Qxa5 Qd4 41. Qa3 c4 42. Qb4 Qd3 43. Qe1 Qd4 44. Kh2 c3 45. Qe2 h5 46.
Kg2 Kh6 47. Kg1 e5 48. Kg2 e4 49. Qa2 Kg7 50. Qe2 Qd3 51. Qe1 c2 52. Qa1+ Kh7
53. Qf6 Qf3+ 0-1

[Event "SG Eintracht Neubrandenburg-SC Forchheim"]
[Site "DVM U14 in Arendsee"]
[Date "2009.12.28"]
[Round "4.4"]
[White "Stövesand, Peter"]
[Black "Förstel, Markus"]
[Result "1-0"]
[WhiteElo "1613"]
[BlackElo "1382"]
[PlyCount "85"]
[EventDate "2009.??.??"]
[WhiteTeam "SG Eintracht Neubrandenburg"]
[BlackTeam "SC Forchheim"]

1. e4 e5 2. Nf3 Nc6 3. Bb5 a6 4. Ba4 Nf6 5. O-O b5 6. Bb3 Be7 7. Re1 d6 8. h3
Na5 9. c3 Nxb3 10. axb3 Bb7 11. d3 O-O 12. Nbd2 c5 13. Nf1 Qb6 14. Ng3 Bc8 15.
d4 exd4 16. cxd4 h6 17. Bf4 Rd8 18. Rc1 Ra7 19. Rc2 Rad7 20. Rd2 Bf8 21. Qc2
Bb7 22. Red1 Bc6 23. Be3 Ne8 24. b4 cxd4 25. Nxd4 Rc8 26. Qd3 Qc7 27. Ngf5 Bb7
28. Nb3 Qc4 29. Nc5 Qxd3 30. Rxd3 Rdc7 31. Nxb7 Rxb7 32. Bf4 Rb6 33. f3 Rcc6
34. Rc3 Rc4 35. Rd4 Rxd4 36. Nxd4 g5 37. Be3 Bg7 38. Rc2 Rb7 39. Nf5 Bf8 40.
Rc8 Nf6 41. Nxh6+ Kg7 42. Nf5+ Kg8 43. Bxg5 1-0